Statistiques concernant Modèles Montres

Cliquez ici pour prendre le quiz!

Statistiques générales

  • Ce quiz a été pris 16 fois
  • Le résultat moyen est 11 sur 20

Statistiques - réponses

Réponse% Correct
submariner
93%
daytona
86%
nautilus
86%
daydate
79%
datejust
71%
prx
71%
speedmaster
71%
tank
71%
monaco
64%
royal oak
64%
oyster perpetual
57%
santos
57%
seamaster
57%
air king
50%
black bay
43%
aquaracer
21%
classic fusion
21%
navitimer
21%
portofino
14%
mille miglia
7%

Distribution des résultats

Percentile par nombre de réponses

% des personnes avec chaque résultat

Votre développement - résultats

Vous n’avez pas pris ce quiz